000 00360nam a2200145Ia 4500
008 230711s9999||||xx |||||||||||||| ||und||
041 _aENG
082 _a720
_bSH-A
100 _aSharp,Derek
245 4 _aThe business of Architecture practice
250 _a1st
260 _c1986
_aNew York
_bCadd Center Traning Pvt Ltd
650 _aArchitecture
942 _cBK
999 _c382
_d382